000 00490nam a2200169 a 4500
001 000033023
005 20200930065958.0
008 110808s1962 dr a 000 0 spa d
040 _aDO-SdBNP
_bspa
_cBNPHU
082 _axxx
_bG688v
100 1 _aGoudy Pratt, José
_949050
245 1 0 _aVórtice :
_bpoemas /
_cJosé Goudy Pratt.
260 _aSanto Domingo :
_bEdiciones Brigadas Dominicanas,
_c1962.
300 _a33 p. :
_bil. ;
_c23 cm.
490 1 _aBaluarte
830 0 _aBaluarte
_935758
999 _c32514
_d32514